ՄԱՅՐ ԱԹՈՌ ՍՈՒՐԲ ԷՋՄԻԱԾԻՆ

«ՎԱՉԵ ԵՎ ԹԱՄԱՐ ՄԱՆՈՒԿՅԱՆ» ՄԱՏԵՆԱԴԱՐԱՆ

Շողշողուն աշխարհ: Ալիքների վրայով վազողը: (Record no. 77299)

MARC details
000 -LEADER
fixed length control field 00961nam a22002417a 4500
003 - CONTROL NUMBER IDENTIFIER
control field SEM
005 - DATE AND TIME OF LATEST TRANSACTION
control field 20260615172024.0
008 - FIXED-LENGTH DATA ELEMENTS--GENERAL INFORMATION
fixed length control field 260615s1985 ai ||||gr||||||01|||arm|d
040 ## - CATALOGING SOURCE
Original cataloging agency SEM
Transcribing agency SEM
041 ## - LANGUAGE CODE
Language code of text/sound track or separate title arm
080 ## - UNIVERSAL DECIMAL CLASSIFICATION NUMBER
Universal Decimal Classification number 882-3/Գ-91
100 ## - MAIN ENTRY--PERSONAL NAME
Personal name Գրին, Ալեքսանդր Ս.
245 ## - TITLE STATEMENT
Title Շողշողուն աշխարհ: Ալիքների վրայով վազողը:
Remainder of title Վեպեր /
Statement of responsibility, etc. Ա. Գրին ;Թարգմ.՝ Վ. Դանիելյան ; Խմբ.՝ Ջ. Ղազարյան
260 ## - PUBLICATION, DISTRIBUTION, ETC.
Place of publication, distribution, etc. Երևան :
Name of publisher, distributor, etc. Սովետ. գրող,
Date of publication, distribution, etc. 1985.
300 ## - PHYSICAL DESCRIPTION
Extent 447 էջ ;
Other physical details նկ. ;
Dimensions 20 սմ
490 ## - SERIES STATEMENT
Series statement Արկածային գրադարան
650 ## - SUBJECT ADDED ENTRY--TOPICAL TERM
Topical term or geographic name entry element Ռուս գրականություն
General subdivision արձակ
653 ## - INDEX TERM--UNCONTROLLED
Uncontrolled term ՍԷՄ
700 ## - ADDED ENTRY--PERSONAL NAME
Personal name Դանիելյան, Վլադիմիր Գալուստի
Relator term թարգմ.
Relationship trl.
700 ## - ADDED ENTRY--PERSONAL NAME
Personal name Ղազարյան, Ջուլիետա Միհրանի
Relator term խմբ.
Relationship edt.
830 ## - SERIES ADDED ENTRY--UNIFORM TITLE
Uniform title Արկածային գրադարան
942 ## - ADDED ENTRY ELEMENTS (KOHA)
Source of classification or shelving scheme Universal Decimal Classification
Koha item type Գրքեր/Books
Suppress in OPAC No

No items available.